01677nam a2200361 a 4500001001200000003000800012006001900020007001500039008004100054010001700095020002200112020002200134020001800156020002700174040002100201035002100222050002400243111004300267245018700310260006700497300001500564490013900579504005100718533015200769650003300921655002900954700002100983700001801004700002001022710001701042830013001059856012601189ebr10508946CaPaEBRm u cr cn|||||||||111213s1992 ne sb 101 0 eng d z 91641663  z9027235821 (Eur.) z1556191405 (U.S.) z9789027235824 z9789027277497 (e-book) aCaPaEBRcCaPaEBR a(OCoLC)76918858814aPJ6021b.S96 1992eb2 aSymposium on Arabic Linguisticsn(4th)10aPerspectives on Arabic linguistics IVh[electronic resource] :bpapers from the Fourth Annual Symposium on Arabic Linguistics /cedited by Ellen Broselow, Mushira Eid, John McCarthy. aAmsterdam [The Netherlands] :bJohn Benjamins Pub. Co.,c1992. avi, 282 p.1 aAmsterdam studies in the theory and history of linguistic science. Series IV, Current issues in linguistic theory,x0304-0763 ;vv. 85 aIncludes bibliographical references and index. aElectronic reproduction.bPalo Alto, Calif. :cebrary,d2013.nAvailable via World Wide Web.nAccess may be limited to ebrary affiliated libraries. 0aArabic languagevCongresses. 7aElectronic books.2local1 aBroselow, Ellen.1 aEid, Mushira.1 aMcCarthy, John.2 aebrary, Inc. 0aAmsterdam studies in the theory and history of linguistic science.nSeries IV,pCurrent issues in linguistic theory ;vv. 85.40uhttp://site.ebrary.com/lib/rucke/Doc?id=10508946zAn electronic book accessible through the World Wide Web; click to view